The complete guide to acquisitions management
Gespeichert in:
| 1. Verfasser: | |
|---|---|
| Format: | Buch |
| Sprache: | Undetermined |
| Veröffentlicht: |
Westport, CN
LU
2003
|
| Schlagworte: | |
| Tags: |
Tag hinzufügen
Keine Tags, Fügen Sie den ersten Tag hinzu!
|
| Thư viện lưu trữ: | Trung tâm Học liệu Trường Đại học Cần Thơ |
|---|
| LEADER | 00517nam a2200181Ia 4500 | ||
|---|---|---|---|
| 001 | CTU_102919 | ||
| 008 | 210402s9999 xx 000 0 und d | ||
| 082 | |a 025.2 | ||
| 082 | |b W686/hc | ||
| 100 | |a Wilkinson, Frances C. | ||
| 245 | 4 | |a The complete guide to acquisitions management | |
| 245 | 0 | |c Frances C. Wilkinson, Linda K. Lewis | |
| 260 | |a Westport, CN | ||
| 260 | |b LU | ||
| 260 | |c 2003 | ||
| 650 | |a Acquisitions ( libraries ) | ||
| 904 | |i Minh | ||
| 980 | |a Trung tâm Học liệu Trường Đại học Cần Thơ | ||